Medical Suffixes - Statistics

General Stats
  • This quiz has been taken 10 times
  • The average score is 4 of 89
Answer Stats
Suffix Definition % Correct
-cyte cell
56%
-algesia, -algia, -odynia pain
33%
-ac, -ous pertaining to
33%
-al, -ar, -ary, -ory pertaining to
33%
-ic, -ical, -ile pertaining to
33%
-phobia fear
22%
-malacia softening
22%
-oma tumor
22%
-pnea breathing
11%
-tripsy crushing
11%
-megaly enlargement
11%
-ase enzyme
11%
-sclerosis hardening
11%
-plegia paralysis
11%
-rhexis rupture
11%
-lepsy seizure
11%
-esthesia, -esthesi/o sensation
11%
-phasia speech
11%
-uresis urination
11%
-phonia voice
11%
-edema accummulation of fluid, swelling
0%
-tropic acting on, affecting
0%
-graphy act of recording data
0%
-philic attracting, absorbing
0%
-desis binding, fusion
0%
-some body, small body
0%
-clasis, -clasia breaking
0%
irhage, -rhagia bursting forth, profuse flow, hemorrhage
0%
-ia, -ia/sis, -ism, -o/sis, -y condition of
0%
-sis condition of
0%
-emia condition of blood
0%
-hemia condition of blood
0%
-spermia condition of sperm
0%
-opia condition of the eye, vision
0%
-uria condition of urine, urination
0%
-opsia condition of vision
0%
-necrosis death of tissue
0%
-penia decrease in, deficiency of
0%
-ectasia, -ectasis dilation, dilatation, distension
0%
-pathy disease, any disease of
0%
-lytic dissolving, reducing, loosening
0%
-ptosis dropping, downward displacement, prolapse
0%
-scopy examination of
0%
-mania excited state, obsession
0%
-ectomy exision, surgical removal
0%
-dilation, -dilatation expansion, widening
0%
-trophy, -trophia feeding, growth, nourishment
0%
-schisis fissure, splitting
0%
-rhea flow, discharge
0%
-plasia formation, molding, development
0%
-poiesis formation, production
0%
-hemi half, one side
0%
-cele hernia, localized dilation
0%
-itis imflammation
0%
-blast immature cell, productive cell, embryonic cell
0%
-tomy incision, cutting
0%
-tome instrument for incising or cutting
0%
-meter instrument for measuring
0%
-graph instrument for recording data
0%
-scope instrument for viewing or examining
0%
-capnia level of carbon dioxide
0%
-oxia level of oxygen
0%
-form like, resembling
0%
-oid like, resembling
0%
-metry measurement of
0%
-iatrics, -iatry, -ics medical specialty
0%
-mimetic mimicking, simulating
0%
-stenosis narrowing, constriction
0%
-gen, -genesis origin, formation
0%
-paresis partial paralysis, weakness
0%
-plasty plastic repair, plastic surgery, reconstruction
0%
-toxin poison
0%
-agogue promoter, stimulator
0%
-centesis puncture, tap
0%
-lexia reading
0%
-gram record of data
0%
-osmia sense of smell
0%
-geusia sense of taste
0%
-lysis separation, loosening, dissolving, destruction
0%
-lithesis slipping
0%
-ian, -ist specialist
0%
-lalia speech, babble
0%
-logy study of
0%
-spasm sudden contraction, cramp
0%
-ose sugar
0%
-stasis suppression, stoppage
0%
-stomy surgical creation of an opening
0%
-pexy surgical fixation
0%
-rhaphy surgical repair, surture
0%
No matching quizzes found
Score Distribution
Percent of People with Each Score
Percentile by Number Answered
Your Score History
You have not taken this quiz